Top 50 Baby Girl Names Beginning with F - Statistics

General Stats
  • This quiz has been taken 277 times
  • The average score is 21 of 50
Answer Stats
Hint Answer % Correct
7 Frances
90%
26 Francis
90%
23 Flor
88%
4 Fiona
84%
15 Flora
78%
8 Francesca
75%
35 Francisca
75%
12 Florence
70%
2 Freya
70%
16 Freyja
70%
1 Faith
69%
40 Fayth
69%
49 Fae
67%
44 Fay
67%
11 Faye
67%
6 Felicity
64%
5 Fatima
57%
22 Fatimah
57%
28 Fannie
55%
19 Farah
55%
17 Farrah
55%
14 Frida
54%
48 Frieda
54%
10 Frankie
53%
21 Fern
49%
29 Francine
48%
25 Finlee
46%
27 Finleigh
46%
3 Finley
46%
18 Finnley
46%
13 Fallon
31%
30 Fallyn
31%
46 Falyn
31%
43 Fia
31%
9 Fernanda
25%
32 Fabiana
18%
31 Fabiola
13%
47 Freedom
10%
37 Faiza
6%
34 Fiorella
6%
50 Farida
4%
41 Fatou
3%
24 Fatoumata
3%
38 Forever
3%
42 Faustina
2%
36 Fiadh
2%
33 Faiga
1%
20 Faigy
1%
39 Fraidy
1%
45 Frimet
0%
No matching quizzes found
Score Distribution
Percent of People with Each Score
Percentile by Number Answered
Your Score History
You have not taken this quiz